Learning Subtraction with Nimble Numbers / (Record no. 116395)
[ view plain ]
| 000 -LEADER | |
|---|---|
| fixed length control field | 00353nam a2200121 a 4500 |
| 005 - DATE AND TIME OF LATEST TRANSACTION | |
| control field | 20140513081053.0 |
| 008 - FIXED-LENGTH DATA ELEMENTS--GENERAL INFORMATION | |
| fixed length control field | 090910s19uu xx 00 eng d |
| 050 ## - LIBRARY OF CONGRESS CALL NUMBER | |
| Classification number | Kit |
| Item number | LEA 1982 |
| 245 ## - TITLE STATEMENT | |
| Title | Learning Subtraction with Nimble Numbers / |
| Statement of responsibility, etc | Tamblyn, Larry. |
| 260 ## - PUBLICATION, DISTRIBUTION, ETC. (IMPRINT) | |
| Place of publication, distribution, etc | California : |
| Name of publisher, distributor, etc | Superscope, |
| Date of publication, distribution, etc | 1982. |
| 440 ## - SERIES STATEMENT/ADDED ENTRY--TITLE | |
| Title | Tele - story presents |
| Withdrawn status | Lost status | Damaged status | Home library | Current library | Shelving location | Date acquired | Source of acquisition | Total Checkouts | Full call number | Barcode | Date last seen | Price effective from | Koha item type |
|---|---|---|---|---|---|---|---|---|---|---|---|---|---|
| Elizalde Library | Elizalde Library | KIT Section | 09/10/2009 | Kit LEA 1982 | E391 | 05/13/2014 | 05/13/2014 | Kits |